| 000 | 00537nam a2200181 i 4500 | ||
|---|---|---|---|
| 001 | 128633 | ||
| 003 | ES-MaACL | ||
| 005 | 20230906193330.0 | ||
| 007 | t| | ||
| 008 | 070521s1956 sp ||||1| spa d | ||
| 080 | _a799.12 | ||
| 100 | 1 |
_aTanler, Rodney. _9109200 |
|
| 245 | 1 | 0 |
_aPescas deportivas _b: lanzado ligero. El lucio, la perca, la trucha... / _cRodney Tanler. |
| 260 |
_aBarcelona : _bSintes, _c[1956] |
||
| 300 |
_a291 p. : _bil. ; _c18 cm. |
||
| 650 | 1 | 4 |
_aPesca al lanzado. _915985 |
| 852 |
_aES-MaACL _jC-13937 _bR.40895 |
||
| 999 |
_c128633 _d128633 |
||